Statistics for World Map Light Puzzle Randomized

Click here to take the quiz!

General Stats

  • This quiz has been taken 224 times
  • The average score is 12 of 20

Answers on the Map

Answers color-coded by a green-red scale on the quiz's map according to % correct below.
 

Answer Stats

Country% Correct
Argentina
100%
Bangladesh
100%
Guatemala
100%
Mexico
100%
Nicaragua
100%
Chile
94%
United States
92%
El Salvador
88%
Lesotho
88%
Mali
88%
Peru
88%
Paraguay
86%
Canada
83%
Costa Rica
83%
Russia
83%
Serbia
83%
France
82%
Suriname
82%
Brazil
81%
Lebanon
80%
Ecuador
79%
Nepal
79%
Guyana
75%
Moldova
75%
Rep. of the Congo
75%
Somalia
75%
Spain
75%
Thailand
75%
Algeria
73%
Colombia
73%
Denmark
73%
Uruguay
73%
Honduras
71%
Libya
71%
Panama
71%
Bhutan
70%
Chad
70%
Equatorial Guinea
70%
Greece
70%
Iraq
70%
Yemen
70%
Austria
67%
Belarus
67%
Belgium
67%
Central African
Republic
67%
Egypt
67%
Gambia
67%
Germany
67%
Italy
67%
Ivory Coast
67%
Kosovo
67%
Myanmar
67%
Namibia
67%
Oman
67%
Saudi Arabia
67%
Tajikistan
67%
Togo
67%
Venezuela
67%
Finland
64%
Jordan
64%
Poland
64%
South Africa
64%
Indonesia
63%
Iran
63%
Portugal
63%
Qatar
63%
Botswana
62%
Luxembourg
62%
North Korea
62%
Tunisia
62%
United Arab Emirates
62%
China
60%
Kazakhstan
60%
Mongolia
60%
Vietnam
60%
Estonia
58%
Eswatini
58%
Georgia
58%
Niger
58%
Sudan
58%
Benin
57%
Bolivia
57%
Ghana
57%
Liberia
57%
Malawi
57%
Morocco
57%
Nigeria
57%
Norway
57%
Belize
56%
D. R. Congo
56%
Gabon
56%
Guinea
56%
Sweden
56%
Burkina Faso
55%
Uzbekistan
55%
Cambodia
50%
Cameroon
50%
Czech Republic
50%
East Timor
50%
Ethiopia
50%
Hungary
50%
India
50%
Laos
50%
Lithuania
50%
Mozambique
50%
Sierra Leone
50%
South Korea
50%
Tanzania
50%
Turkey
50%
Uganda
50%
Ukraine
50%
Zambia
50%
Guinea-Bissau
46%
Angola
45%
Syria
45%
Afghanistan
44%
Azerbaijan
44%
Mauritania
44%
Israel
43%
Rwanda
43%
Croatia
42%
Kenya
42%
Zimbabwe
42%
Albania
40%
Djibouti
40%
Kyrgyzstan
40%
Latvia
40%
Montenegro
40%
Armenia
38%
Bulgaria
38%
Senegal
38%
Papua New Guinea
36%
Netherlands
33%
Pakistan
33%
Turkmenistan
33%
Bosnia and
Herzegovina
31%
Slovenia
31%
Malaysia
29%
Burundi
27%
Slovakia
25%
Switzerland
25%
Eritrea
22%
North Macedonia
22%
Romania
10%
Kuwait
0%
South Sudan
0%

Score Distribution

Percentile by Number Answered

Percent of People with Each Score

Your Score History

You have not taken this quiz